Košické tabuľky o neudržiavaných chodníkoch sú unikát. Nikto iný na východe ich nepoužíva primátor Polaček: Vyzerá to ako dokonalý vlastný gól

Bibliographic Details
Main Author: Almášiová, Monika (Author)
Format: Article
Language:Slovak
PhysicalDescription:Fotografie
ISSN:2585-7355
Subjects:

MARC

LEADER 00000nab a2200000u 4500
001 vtls011911721
003 SK-MaSNL
005 20260303095311.0
008 200117|20200107xo ||||||| || ||slo|
038 |a KEVKJB 
040 |a KEVKJB  |b slo  |e rda 
041 0 |a slo 
043 |a e-xo--- 
044 |a xo  |c SK 
072 7 |a 625  |x Pozemné komunikácie. Železničné staviteľstvo  |2 konspekt 
080 |a 625.711.4/.7  |2 2011 
100 1 |a Almášiová, Monika  |4 aut  |9 1086573 
245 1 0 |a Košické tabuľky o neudržiavaných chodníkoch sú unikát. Nikto iný na východe ich nepoužíva  |b primátor Polaček: Vyzerá to ako dokonalý vlastný gól  |c Monika Almášiová 
300 |b Fotografie 
336 |a text  |b txt  |2 rdacontent 
337 |a bez média  |b n  |2 rdamedia 
338 |a zväzok  |b nc  |2 rdacarrier 
650 0 7 |a zimná údržba chodníkov  |2 kevkjb  |9 1086709 
650 0 7 |a chodníky  |2 SNKPH  |9 29942 
651 7 |a Košice (Slovensko)  |2 SNKPHgeo  |9 18694 
773 0 |t Korzár  |g Roč. XXIII., č. 4 (7.1.2019), s. 4  |x 2585-7355 
852 |a KEVKJB  |b KIS3GCP 
999 |c 1824567  |d 1826497